| 000 | 01097nac a22003251i 4500 | ||
|---|---|---|---|
| 003 | EG-ScBUE | ||
| 005 | 20240530110906.0 | ||
| 008 | 240530t2001 enk f b 001 0 eng d | ||
| 020 | _a1850655766 | ||
| 020 | _a9781850655756 | ||
| 040 |
_aEG-ScBUE _beng _erda _cEG-ScBUE _dEG-ScBUE |
||
| 041 | 1 |
_aeng _hheb |
|
| 082 | 0 | 4 |
_a956.9442054 _bKLE _222 |
| 100 | 1 |
_aKlein, Menachem, _eauthor. |
|
| 245 |
_aJerusalem : _bthe contested city / _cMenachem Klein ; translated by Haim Watzman. |
||
| 264 | 1 |
_aLondon : _bC. Hurst Publishers, _c[2001] |
|
| 264 | 4 | _cc2001 | |
| 300 |
_aviii, 363 pages ; _c22 cm |
||
| 336 |
_2rdacontent _atext _btxt |
||
| 337 |
_aunmediated _2rdamedia _bn |
||
| 338 |
_avolume _bnc _2rdacarrier |
||
| 504 | _aIncludes bibliographical references and index. | ||
| 546 | _aText in English ; translated from the original Hebrew. | ||
| 650 | 7 |
_aJewish-Arab relations. _2BUEsh |
|
| 650 | 7 |
_aJerusalem _xHistory. _2BUEsh |
|
| 650 | 7 |
_aJerusalem _xPolitics and government. _2BUEsh |
|
| 655 | _vReading book | ||
| 700 | 1 |
_aWatzman, Haim, _etranslator. |
|
| 942 |
_cBB _2ddc |
||
| 999 |
_c7333 _d7333 |
||